Graph colourings / (Record no. 7440)

MARC details
000 -LEADER
fixed length control field 00945nam a2200277 4500
001 - CONTROL NUMBER
control field 4818696
005 - DATE AND TIME OF LATEST TRANSACTION
control field 20150513154606.0
007 - PHYSICAL DESCRIPTION FIXED FIELD--GENERAL INFORMATION
fixed length control field 000
008 - FIXED-LENGTH DATA ELEMENTS--GENERAL INFORMATION
fixed length control field 000
010 ## - LIBRARY OF CONGRESS CONTROL NUMBER
LC control number 89034242
020 ## - INTERNATIONAL STANDARD BOOK NUMBER
International Standard Book Number 0470215097
040 ## - CATALOGING SOURCE
Original cataloging agency UOEL
Transcribing agency DLC
Modifying agency DLC
050 00 - LIBRARY OF CONGRESS CALL NUMBER
Classification number QA166
Item number .G697 1990
082 00 - DEWEY DECIMAL CLASSIFICATION NUMBER
Classification number 511/.5
Edition number 20
245 00 - TITLE STATEMENT
Title Graph colourings /
Statement of responsibility, etc Roy Nelson & Robin J. Wilson (editors).
260 ## - PUBLICATION, DISTRIBUTION, ETC. (IMPRINT)
Place of publication, distribution, etc Essex, England :
Name of publisher, distributor, etc Longman Scientific & Technical ;
Place of publication, distribution, etc New York :
Name of publisher, distributor, etc Wiley,
Date of publication, distribution, etc 1990.
300 ## - PHYSICAL DESCRIPTION
Extent 143 p. :
Other physical details ill. ;
Dimensions 25 cm.
440 #0 - SERIES STATEMENT/ADDED ENTRY--TITLE
Title Pitman research notes in mathematics series,
International Standard Serial Number 0269-3674 ;
Volume number/sequential designation 218
504 ## - BIBLIOGRAPHY, ETC. NOTE
Bibliography, etc Includes bibliographical references.
650 #0 - SUBJECT ADDED ENTRY--TOPICAL TERM
Topical term or geographic name as entry element Graph coloring
Form subdivision Congresses.
General subdivision Mathematics
700 1# - ADDED ENTRY--PERSONAL NAME
Personal name Nelson, Roy.
Personal name Wilson, Robin J.
906 ## - LOCAL DATA ELEMENT F, LDF (RLIN)
a 7
b cbc
c orignew
d 1
e ocip
f 19
g y-gencatlg
942 ## - ADDED ENTRY ELEMENTS (KOHA)
Source of classification or shelving scheme Library of Congress Classification
Item type Loan - Normal on open shelf
Holdings
Withdrawn status Lost status Source of classification or shelving scheme Damaged status Not for loan Home library Current library Shelving location Date acquired Total Checkouts Full call number Barcode Date last seen Copy number Price effective from Koha item type
    Library of Congress Classification     UOE Main Library UOE Main Library Open shelf 13/05/2015   QA166 .G697 1990 10050405 27/04/2026 10050405 13/05/2015 Loan - Normal on open shelf
    Library of Congress Classification     UOE Main Library UOE Main Library Open shelf 13/05/2015   QA166 .G697 1990 10056745 27/04/2026 10056745 13/05/2015 Loan - Normal on open shelf
    Library of Congress Classification     UOE Main Library UOE Main Library Open shelf 13/05/2015   QA166 .G697 1990 10050406 27/04/2026 10050406 13/05/2015 Loan - Normal on open shelf